| 000 | 00337 a2200145 4500 | ||
|---|---|---|---|
| 020 | _a620162016201 | ||
| 082 | _a111 | ||
| 090 |
_c5700 _d5700 |
||
| 110 | _aICFAI | ||
| 245 |
_aNucor Corp's Organizational Culture _cICMR Case Collection |
||
| 250 | _aHROB 036 | ||
| 260 |
_aIndia _bICFAI _c2003 |
||
| 300 | _a5p | ||
| 942 |
_aNBS _cCS _k111 |
||
| 999 |
_c348101 _d348101 |
||